Sistemas económicos / (Record no. 177455)

MARC details
000 -LEADER
campo de control de longitud fija 00752nam a22002415i 4500
001 - NÚMERO DE CONTROL
campo de control 177455
003 - IDENTIFICADOR DE NÚMERO DE CONTROL
campo de control ES-MaACL
005 - FECHA Y HORA DE LA ÚLTIMA TRANSACCIÓN
campo de control 20250824212333.0
008 - DATOS DE LONGITUD FIJA--INFORMACIÓN GENERAL
campo de control de longitud fija 110324s1964 sp |||| | spa d
080 ## - NÚMERO DE LA CLASIFICACIÓN DECIMAL UNIVERSAL
Número de la Clasificación Decimal Universal 330.8
100 1# - ENTRADA PRINCIPAL--NOMBRE DE PERSONA
Nombre de persona Halm, George Nikolaus.
9 (RLIN) 61611
245 10 - MENCIÓN DEL TÍTULO
Título Sistemas económicos /
Mención de responsabilidad, etc. George N. Halm ; [traducción de Luis García de Diego].
250 ## - MENCION DE EDICION
Mención de edición [2ª ed. inglesa].
260 ## - PUBLICACIÓN, DISTRIBUCIÓN, ETC.
Lugar de publicación, distribución, etc. Madrid :
Nombre del editor, distribuidor, etc. Rialp,
Fecha de publicación, distribución, etc. 1964.
300 ## - DESCRIPCIÓN FÍSICA
Extensión 450 p. ;
Dimensiones 25 cm.
490 1# - MENCIÓN DE SERIE
Mención de serie Libros de economía ;
Designación de volumen o secuencia 1
500 ## - NOTA GENERAL
Nota general Índice.
650 #4 - PUNTO DE ACCESO ADICIONAL DE MATERIA--TÉRMINO DE MATERIA
Término de materia o nombre geográfico como elemento de entrada Economía comparada.
9 (RLIN) 145847
700 0# - ENTRADA AGREGADA--NOMBRE PERSONAL
Nombre de persona García de Diego, Luis.
9 (RLIN) 54420
830 00 - PUNTO DE ACCESO ADICIONAL DE SERIE-TÍTULO UNIFORME
Título uniforme Libros de economía (Rialp)
Designación de volumen o secuencia 1
9 (RLIN) 186981
852 ## - LOCALIZACIÓN
Ubicación ES-MaACL
Número de control de estantería E-14711
Encuadernación Olim P-527-bis
Holdings
Estatus retirado Estado de pérdida Estado de daño No para préstamo Biblioteca de origen Biblioteca actual Ubicación en estantería Fecha de adquisición Fuente de adquisición Total de préstamos Signatura topográfica completa Código de barras Visto por última vez Precio de reemplazo Tipo de ítem Koha
        Biblioteca del Ateneo de Madrid Biblioteca del Ateneo de Madrid Depósito 2 24/03/2011     E-14711 1186379 23/02/2023 23/02/2023 Libro impreso